Management Information Systems (Record no. 5934)

MARC details
000 -LEADER
fixed length control field 00604nam a22002177a 4500
003 - CONTROL NUMBER IDENTIFIER
control field OSt
005 - DATE AND TIME OF LATEST TRANSACTION
control field 20171214183229.0
008 - FIXED-LENGTH DATA ELEMENTS--GENERAL INFORMATION
fixed length control field 171214b xxu||||| |||| 00| 0 eng d
020 ## - INTERNATIONAL STANDARD BOOK NUMBER
International Standard Book Number 9780071221092
020 ## - INTERNATIONAL STANDARD BOOK NUMBER
International Standard Book Number 0071221093
040 ## - CATALOGING SOURCE
Transcribing agency DDC
082 ## - DEWEY DECIMAL CLASSIFICATION NUMBER
Classification number 658.4 OBR 2011
100 ## - MAIN ENTRY--PERSONAL NAME
Personal name O'Brien, James A.; Marakas, George M.
9 (RLIN) 12319
245 ## - TITLE STATEMENT
Title Management Information Systems
250 ## - EDITION STATEMENT
Edition statement 10th ed.
260 ## - PUBLICATION, DISTRIBUTION, ETC. (IMPRINT)
Place of publication, distribution, etc. New York; Mcgraw-hill, 2011
300 ## - PHYSICAL DESCRIPTION
Extent 704p; col.ill: 28cm
504 ## - BIBLIOGRAPHY, ETC. NOTE
Bibliography, etc Answers, references, glossary, & index included
650 ## - SUBJECT ADDED ENTRY--TOPICAL TERM
Topical term or geographic name as entry element Information Systems
9 (RLIN) 2356
942 ## - ADDED ENTRY ELEMENTS (KOHA)
Source of classification or shelving scheme Other/Generic Classification Scheme
Koha item type Book Bank
Holdings
Withdrawn status Lost status Source of classification or shelving scheme Damaged status Not for loan Home library Current library Date acquired Source of acquisition Inventory number Total Checkouts Full call number Barcode Date last seen Koha item type
    Dewey Decimal Classification     MUST Main Library MUST Main Library 14/12/2017   17/40148   658.4 OBR 2011 2017-1004 14/12/2017 Book Bank
    Dewey Decimal Classification     MUST Main Library MUST Main Library 14/12/2017   17/40149   658.4 OBR 2011 2017-1005 14/12/2017 Book Bank
    Dewey Decimal Classification     MUST Main Library MUST Main Library 14/12/2017   17/40150   658.4 OBR 2011 2017-1006 14/12/2017 Book Bank
    Dewey Decimal Classification     MUST Main Library MUST Main Library 14/12/2017   17/40151   658.4 OBR 2011 2017-1007 14/12/2017 Book Bank